UBT Library

Ace the IT interview : (Record no. 868)

000 -LEADER
fixed length control field 00645nam a22002177a 4500
003 - CONTROL NUMBER IDENTIFIER
control field OSt
008 - FIXED-LENGTH DATA ELEMENTS--GENERAL INFORMATION
fixed length control field 150520b xxu||||| |||| 00| 0 eng d
020 ## - INTERNATIONAL STANDARD BOOK NUMBER
International Standard Book Number 9780071495783 (alk. paper)
020 ## - INTERNATIONAL STANDARD BOOK NUMBER
International Standard Book Number 0071495789 (alk. paper)
041 0# - LANGUAGE CODE
Language code of text/sound track or separate title eng
080 ## - UNIVERSAL DECIMAL CLASSIFICATION NUMBER
Universal Decimal Classification number 047
100 ## - Rafti
Rafti Moreira, Paula.
245 00 - TITLE STATEMENT
Title Ace the IT interview :
Statement of responsibility, etc Paula Moreira.
250 ## -
-- Botimi dytë
260 ## -
-- New York :
-- McGraw-Hill,
-- c2008.
300 ## -
-- 296 f
-- me il
-- 26 cm.
505 ## -
-- Index:f. 289-296
650 ## -
-- Intervista
700 1# -
-- Moreira, Paula.
-- Ace the IT job interview.
942 ## - ADDED ENTRY ELEMENTS (KOHA)
Source of classification or shelving scheme
Item type Books
Holdings
Withdrawn status Lost status Source of classification or shelving scheme Damaged status Not for loan Collection code Permanent location Current location Shelving location Date acquired Total Checkouts Full call number Barcode Date last seen Koha item type Price effective from
          Koleksioni i përgjithshem UBT - Lipjan UBT - Lipjan Koleksioni i përgjithshem 05/20/2015   047 MOR 002-008751 05/20/2015 Books  
          Koleksioni i përgjithshem UBT - Lipjan UBT - Lipjan Koleksioni i përgjithshem 08/29/2017   070 MOR 002-2916717 08/29/2017 Books 08/29/2017
UBT Library © 2015-2024. All rights reserved University Education for Business and Technology